Archivos de medicina experimental. (Record no. 176689)

MARC details
000 -LEADER
campo de control de longitud fija 01087nas a2200241 i 4500
001 - NÚMERO DE CONTROL
campo de control 176689
003 - IDENTIFICADOR DE NÚMERO DE CONTROL
campo de control ES-MaACL
005 - FECHA Y HORA DE LA ÚLTIMA TRANSACCIÓN
campo de control 20230906220149.0
008 - DATOS DE LONGITUD FIJA--INFORMACIÓN GENERAL
campo de control de longitud fija 110202d19481962sp q|yp | ||pa d
022 ## - NÚMERO INTERNACIONAL NORMALIZADO PARA PUBLICACIONES SERIADAS
Número Internacional Normalizado para Publicaciones Seriadas 0004-0568
080 ## - NÚMERO DE LA CLASIFICACIÓN DECIMAL UNIVERSAL
Número de la Clasificación Decimal Universal 61(460)(05)
245 00 - MENCIÓN DEL TÍTULO
Título Archivos de medicina experimental.
260 ## - PUBLICACIÓN, DISTRIBUCIÓN, ETC.
Lugar de publicación, distribución, etc. Madrid :
Nombre del editor, distribuidor, etc. Consejo Superior de Investigaciones Científicas,
Fecha de publicación, distribución, etc. 1948-1962.
300 ## - DESCRIPCIÓN FÍSICA
Extensión 4 v. :
Otras características físicas il. bl. y n. ;
Dimensiones 25 cm.
310 ## - PERIODICIDAD ACTUAL
Periodicidad actual Irregular
505 8# - NOTA DE CONTENIDO CON FORMATO
Nota de contenido con formato Contiene: v. XI, fasc. III. - v. XII, fasc. I.- v. XXIII, fasc. I y II. Homenaje al profesor don Fernando Enríquez de Salamanca Danvila, con motivo de su setenta cumpleaños.- v. XXV, fasc. I y II
546 ## - NOTA DE IDIOMA
Nota de lengua/lenguaje Resúmenes en español, francés, inglés y alemán.
650 04 - PUNTO DE ACCESO ADICIONAL DE MATERIA--TÉRMINO DE MATERIA
Término de materia o nombre geográfico como elemento de entrada Medicina-
Subdivisión general Publicaciones periódicas-
Subdivisión geográfica España.
9 (RLIN) 14916
710 2# - ENTRADA AGREGADA--NOMBRE DE ENTIDAD CORPORATIVA
Nombre de entidad corporativa o nombre de jurisdicción como elemento de entrada Instituto Nacional de Ciencias Médicas (España)
9 (RLIN) 5146
710 2# - ENTRADA AGREGADA--NOMBRE DE ENTIDAD CORPORATIVA
Nombre de entidad corporativa o nombre de jurisdicción como elemento de entrada Consejo Superior de Investigaciones Científicas (España)
9 (RLIN) 3236
780 00 - ENLACE A UN TÍTULO/ENTRADA ANTERIOR
Encabezamiento principal Trabajos del Instituto Nacional de Ciencias Médicas, Madrid
852 ## - LOCALIZACIÓN
Ubicación ES-MaACL
Número de control de estantería E-14157-60
Encuadernación Olim P-558-bis
Holdings
Estatus retirado Estado de pérdida Estado de daño No para préstamo Colección Biblioteca de origen Biblioteca actual Ubicación en estantería Fecha de adquisición Fuente de adquisición Total de préstamos Signatura topográfica completa Código de barras Visto por última vez Precio de reemplazo Tipo de ítem Koha
        Periódicos y Revistas Biblioteca del Ateneo de Madrid Biblioteca del Ateneo de Madrid Depósito 2 02/02/2011     E-14157-60 1185569 23/02/2023 23/02/2023 Revista